000 02483cam a22004694i 4500
003 PE-LiUPU
005 20250731184555.0
008 150625s1988 sp a rb 000 0 spa d
020 _a0825414563
040 _aPE-LiUPU
_bspa
_cPE-LiUPU
_erda
049 _aPRUA
082 0 4 _a933
_bJ83j
_221
100 1 _aJosephus, Flavius,
_eautor.
245 1 0 _aJosefo :
_blos escritos esenciales /
_cuna nueva adaptación por Paul L. Maier.
250 _aEdición ilustrada de Anitgüedades de los judíos y las guerras de los judíos.
264 1 _aGrand Rapids, Mich. :
_bKregel Publications,
_c1988.
300 _a413 páginas :
_bilustraciones, fotos ;
_c24 centímetros.
336 _atext
_2rdacontent
337 _aunmediated
_2rdamedia
338 _avolume
_2rdacarrier
504 _aIncluye bibliografía.
505 0 _aLas antigüedades de los judios: Los comienzos. -Los patriarcas. -Los hebreos en Egipto. -Moisés y el éxodo. -El Sinaí. -La conquista de Canaán. -Sansón y Samuel. -Saúl. -El rey David. -Salomón y sus sucesores. -El profeta Elías. -El profeta Eliseo. -Conquista, destrucción y cautiverio. -El retorno a Jerusalén. -De Ester a los ptolomeos. -Los macabeos. -La conquista romana. -Herodes el Grande. -Los gobernadores romanos. -Josefo: los escritos esenciales. -Las guerras de los judios: Se desencadenan las hostilidades. -Vespasiano conquista Galilea. -Piratas, rebeldes y víctimas. -Los zelotes en Jerusalén. -Tito asedia la ciudad. -Horrores en Jerusalén. -La destrucción del templo y de la ciudad. -De Roma a Masada. -Los reyes del Reino Unidos y los reyes de Judá. -Los reyes de Israel. -Los macabeos (asmoneos). -Los gobernantes de Judea y los emperadores romanos del primer siglo d.C. -Los Herodes de Judea.
526 _aP136
526 _aP135
526 _aP134
526 _aP133
526 _aP144
526 _aP143
526 _aP87
526 _aP35
526 _aP20
526 _aP14
526 _aP10
526 _aP06
650 0 4 _aJudíos
_xHistoria
_eRebelión, 66-73.
650 0 4 _aJudíos
_xHistoria
_yhacia 70 A.D .
700 1 _aMaier, Paul L.,
_eeditor.
942 _2ddc
_cBK
949 _a933 M17
_wDEWEY
_c1
_i57348
_d2015-9-9
_e2015-9-7
_lCCODEBUL1
_mBUL
_n4
_p38.00
_r0
_sY
_tBOOK
_u2015-6-25
_xTEOLOGIA
_zUNKNOWN
_0COMPRA
_o.STAFF. Colección Teología
980 _81
_gALBERTO SANCHEZ Responsable de Automatización
999 _c46420
_d46420